00314nam a2200097Ia 4500008004100000245006700041245002300108260000900131650002800140856004800168171204s9999 xx 000 0 und d aSmart TV Security: Media Playback and Digital Video Broadcast: cBenjamin Michéle c2016 xBROADCAST COMMUNICATION uhttp://down.ebook777.com/037/3319209930.pdf